00795 2200301 4500001002100000005001500021035002000036007000300056040001700059100002800076245004200104250001000146300003600156020002200192041000800214082001000222084001600232090002500248264003600273336002100309337003000330338002300360650001300383850001000396008004100406990002300447990002300470INLIS00000000000932520260422074347 a0010-1122000284ta aSBPUPADbind0 aYuka Aninda;ePengarang1 aAksesori Flanel Gaya\ /cYuka Aninda; aCet.1 aiv + 116 hlm. :bilus. ;c23 cm a978-602-8453-60-80 aind a746.4 a746.4 YUK a a746.4 YUK a L 22 R 9 aJakarta :bKriya Pustaka,c2012 2rdacontentateks 2rdamediaatanpa perantara 2rdacarrieravolume 4akesenian aPUPAD260422 0  a30.837/DPK-APBD/19 a30.836/DPK.APBD/19